| 000 | 00980cam a2200301 i 4500 | ||
|---|---|---|---|
| 001 | 768714001 | ||
| 003 | CO-MdBIC | ||
| 005 | 20231123111334.0 | ||
| 007 | ta | ||
| 008 | 231123t1994 it ||||| |||| 00| 0 spa d | ||
| 020 | _a84-293-1124-6 | ||
| 040 |
_bspa. _aCO-MdFUSB _cCO-MdFUSB _dCO-MdFUSBC _erda |
||
| 041 | _aspa | ||
| 082 | 0 | 4 | _aG 231 S337d |
| 100 | 1 | _aAlonso Schokel, Luis (1920-1998) | |
| 245 | 1 | 0 |
_aDios Padre : Meditaciones bíblicas / Luis Alonso Schökel _c/ |
| 250 | _a2 | ||
| 264 | 1 |
_aSantander : Sal Terrae _bSal Terrae, _c[1994] |
|
| 264 | 4 | _c©1994 | |
| 300 |
_a174 Pag _c; |
||
| 336 |
_atexto _btxt _2rdacontent |
||
| 337 |
_2rdamedia _asin mediación _bn |
||
| 338 |
_2rdacarrier _avolumen _bnc |
||
| 505 | 0 | 0 | _a- Dios Padre en el Antiguo Testamento - Jesús, Hijo de Dios - El Padre y el Hijo en la pasión - La gloria del Padre y del Hijo - Dios, Padre del cristiano |
| 650 | 7 |
_9323 _aDios _xEnseñanza bíblica |
|
| 942 | _cBK | ||
| 945 | _aJOhan1477 | ||
| 999 |
_c41434 _d41434 |
||